banner-ar

الغارة على التراث الاسلامى / (Record no. 54687)

MARC details
000 -الفاتح
حقل البيانات ثابتة الطول 00572nam a2200193Ia 4500
005 - وقت وتاريخ اخر تعامل مع التسجيلة
رقم الضبط 20240530105307.0
008 - عناصر البيانات ثابتة الطول - معلومات عامة
حقل البيانات ثابتة الطول 140319s9999 xx 000 0 ara d
040 ## - مصدر الفهرسة
وكالة الفهرسة الأصلية GCL /
وكالة النسخ GCL
082 04 - رقم تصنيف ديوى العشرى
رقم التصنيف 216.4
رقم المادة ج غ
100 1# - المدخل الرئيسى - إسم شخصى
الإسم الشخصى جمال سلطان
245 10 - بيان العنوان
العنوان الغارة على التراث الاسلامى /
بيان المسئوليه,etc جمال سلطان
260 ## - PUBLICATION, DISTRIBUTION, ETC. (IMPRINT)
تاريخ النشر أو التوزيع 1991
300 ## - الوصف المادى
التعداد 155 ص
650 04 - المدخل الاضافى بالموضوع-مصطلح موضوعى
مصطلح موضوعي الاسلام
650 04 - المدخل الاضافى بالموضوع-مصطلح موضوعى
مصطلح موضوعي دفع المطاعن عن الاسلام
650 04 - المدخل الاضافى بالموضوع-مصطلح موضوعى
مصطلح موضوعي التراث الاسلامى
942 ## - عناصر المدخل الإضافي( كوها)
مصدر التصنيف او مخطط الترفيف Dewey Decimal Classification
Koha [default] item type كتاب
260 ## - PUBLICATION, DISTRIBUTION, ETC. (IMPRINT)
-- [S.N] :
-- دار الجيل ،
Holdings
حالة التراجع حالة الفقد حالة تلف ليس للاعارة المكان المؤقت الموقع الحالى تاريخ الاكتساب اجمالي اﻻعارات رقم الطلب الباركود تاريخ اخر مشاهدة تاريخ تفعيل السعر نوع وعاء كوها مصدر التصنيف او خطة الترفيف موقع الترفيف
        مكتبة القاهرة الكبرى مكتبة القاهرة الكبرى 03/26/2014   216.4\ج غ 131485 03/26/2014 03/26/2014 كتاب    
        مكتبة القاهرة الكبرى مكتبة القاهرة الكبرى 03/26/2014   216.4\ج غ 131486 03/26/2014 03/26/2014 كتاب    
        مكتبة القاهرة الكبرى مكتبة القاهرة الكبرى 06/28/2018   216.4 ج غ 164871 06/28/2018 06/28/2018 كتاب ddc القاعة الرئيسية
        مكتبة القاهرة الكبرى مكتبة القاهرة الكبرى 07/21/2018   216.4 ج غ 164971 07/21/2018 07/21/2018 كتاب ddc القاعة الرئيسية

Powered By

EGPV